Handwörterbuch der deutschen Gegenwartssprache in zwei Bänden
Enregistré dans:
| Format: | Livre |
|---|---|
| Langue: | allemand |
| Publié: |
Berlin
Akademie
1984
|
| Tags: |
Pas de tags, Soyez le premier à ajouter un tag!
|
MARC
| LEADER | 00000nam a2200000 4500 | ||
|---|---|---|---|
| 001 | c106662 | ||
| 005 | 20041019155138.0 | ||
| 041 | 0 | |a ger | |
| 044 | |a DE | ||
| 245 | 1 | 0 | |a Handwörterbuch der deutschen Gegenwartssprache |b in zwei Bänden |
| 264 | 1 | |a Berlin |b Akademie |c 1984 | |
| 300 | |a S. 708-1399 | ||